Devadasi custom : (Record no. 123253)

MARC details
000 -LEADER
fixed length control field 00867nam a22002657a 4500
005 - DATE AND TIME OF LATEST TRANSACTION
control field 20170124105922.0
010 ## - LIBRARY OF CONGRESS CONTROL NUMBER
LC control number A-464845
020 ## - INTERNATIONAL STANDARD BOOK NUMBER
Terms of availability 00.00
International Standard Book Number 8185047733
035 ## - SYSTEM CONTROL NUMBER
System control number A-464845
037 ## - SOURCE OF ACQUISITION
Source of stock number/acquisition Cen Lib/Ret
040 ## - CATALOGING SOURCE
Original cataloging agency DPL
Language of cataloging EN
082 ## - DEWEY DECIMAL CLASSIFICATION NUMBER
Classification number 306.74
100 ## - MAIN ENTRY--PERSONAL NAME
Personal name Tarachand,K.C.
9 (RLIN) 5030
245 ## - TITLE STATEMENT
Title Devadasi custom :
Statement of responsibility, etc by K.C. Tarachand
Remainder of title Rural social structure and flesh markets /
260 ## - PUBLICATION, DISTRIBUTION, ETC. (IMPRINT)
Place of publication, distribution, etc New Delhi
Name of publisher, distributor, etc Reliance publishing house
Date of publication, distribution, etc 1991
270 ## - ADDRESS
Address 3026/7H,Ranjit nagar
City New Delhi
Postal code 110008
300 ## - PHYSICAL DESCRIPTION
Extent xviii,143p. :
Dimensions 20cm(Hb)
Other physical details ill.
500 ## - GENERAL NOTE
General note Includes bibliography reference index
650 ## - SUBJECT ADDED ENTRY--TOPICAL TERM
Topical term or geographic name as entry element Social structure
9 (RLIN) 5031
650 ## - SUBJECT ADDED ENTRY--TOPICAL TERM
Topical term or geographic name as entry element Karnataka
9 (RLIN) 5032
650 ## - SUBJECT ADDED ENTRY--TOPICAL TERM
Topical term or geographic name as entry element सामाजिक संरचना
9 (RLIN) 239
650 ## - SUBJECT ADDED ENTRY--TOPICAL TERM
Topical term or geographic name as entry element कर्नाटक कस्टम
9 (RLIN) 5033
700 ## - ADDED ENTRY--PERSONAL NAME
9 (RLIN) 4771
942 ## - ADDED ENTRY ELEMENTS (KOHA)
Source of classification or shelving scheme Dewey Decimal Classification
Koha item type English Books
Classification part 306.74
Call number suffix TAR
Holdings
Withdrawn status Lost status Damaged status Not for loan Home library Current library Date acquired Source of acquisition Cost, normal purchase price Total Checkouts Full call number Barcode Date last seen Copy number Cost, replacement price Price effective from Koha item type Public note
Written off       Central Library Central Library 04/06/2015 Cen Lib/Ret 0.00   306.74 TAR A-464845 04/06/2015 1 0.00 04/06/2015 English Books W/d list no. 6812/7

© Delhi Public Library
Hit Counter
free hit counter